Reproduction
| Main Author: | |
|---|---|
| Format: | Book |
| Language: | English |
| Published: |
Kuala Lumpur :
UMA Publications ,
2005
|
| Series: | Science Adventure Series
|
| Subjects: |
MARC
| LEADER | 00000cam a2200000 7i4500 | ||
|---|---|---|---|
| 001 | 0000102648 | ||
| 005 | 20130510.0 | ||
| 008 | 100526 eng | ||
| 020 | |a 9679104125 | ||
| 090 | 0 | 0 | |a JR 500 PUV |
| 100 | 1 | |a Puvaneswary Subramaniam | |
| 245 | 1 | 0 | |a Reproduction |c Puvaneswary Subramaniam, Kalai Magal Ratnam |
| 260 | |a Kuala Lumpur : |b UMA Publications , |c 2005 | ||
| 300 | |a 32p. : |b col.ill. ; |c 26cm. | ||
| 440 | 0 | |a Science Adventure Series | |
| 650 | 0 | 0 | |a Reproduction |x Juvenile literature |
| 650 | 0 | 0 | |a Science |x Juvenile literature |
| 999 | |a 0000204506 |b Buku |c Rak Terbuka |e PK Melaka Mall | ||